International marketing : (Record no. 128485)

MARC details
000 -LEADER
fixed length control field 00796nam a22002537a 4500
005 - DATE AND TIME OF LATEST TRANSACTION
control field 20170124110040.0
010 ## - LIBRARY OF CONGRESS CONTROL NUMBER
LC control number A-939682
020 ## - INTERNATIONAL STANDARD BOOK NUMBER
Terms of availability 295.00
International Standard Book Number 8120312384
035 ## - SYSTEM CONTROL NUMBER
System control number A-939682
037 ## - SOURCE OF ACQUISITION
Source of stock number/acquisition Cen Lib/Ret
040 ## - CATALOGING SOURCE
Original cataloging agency DPL
Language of cataloging EN
082 ## - DEWEY DECIMAL CLASSIFICATION NUMBER
Classification number 658.848
Item number ONK
100 ## - MAIN ENTRY--PERSONAL NAME
Personal name Onkvisit, Sak
9 (RLIN) 23558
245 ## - TITLE STATEMENT
Title International marketing :
Statement of responsibility, etc by Sak Onkvisit [and] John J Shaw
Remainder of title analysis and strategy /
250 ## - EDITION STATEMENT
Edition statement 3rd ed
260 ## - PUBLICATION, DISTRIBUTION, ETC. (IMPRINT)
Date of publication, distribution, etc 1998
Place of publication, distribution, etc New Delhi
Name of publisher, distributor, etc Printice-Hall of India
270 ## - ADDRESS
City New Delhi
Address M-97, Cannaught Circus
Postal code 110001
300 ## - PHYSICAL DESCRIPTION
Extent xviii,750p.:
Dimensions 25cm(Hb)
Other physical details ill.
500 ## - GENERAL NOTE
General note Includes index<br/>
650 ## - SUBJECT ADDED ENTRY--TOPICAL TERM
Topical term or geographic name as entry element Export marketing
9 (RLIN) 7864
650 ## - SUBJECT ADDED ENTRY--TOPICAL TERM
Topical term or geographic name as entry element Export marketing -- Management
9 (RLIN) 102031
700 ## - ADDED ENTRY--PERSONAL NAME
Personal name Shaw, John J.
9 (RLIN) 23560
942 ## - ADDED ENTRY ELEMENTS (KOHA)
Source of classification or shelving scheme Dewey Decimal Classification
Koha item type English Books
Classification part 658.848
Call number suffix ONK
Holdings
Withdrawn status Lost status Damaged status Not for loan Home library Current library Date acquired Source of acquisition Cost, normal purchase price Total Checkouts Total Renewals Full call number Barcode Date last seen Date checked out Copy number Cost, replacement price Price effective from Koha item type Collection code
        Central Library Central Library 02/07/2015 Cen Lib/Ret 295.00 1 1 658.848 ONK A-939682 12/12/2023 31/10/2023 1 295.00 02/07/2015 English Books  
      Not For Loan Central Library Central Library 31/07/2015 Cen Lib/Ret 295.00     658.848 ONK A-939683 31/07/2015   1 295.00 31/07/2015 English Books Reference

© Delhi Public Library
Hit Counter
free hit counter